00321nam a2200121Ia 4500008004100000041000800041082001900049100002100068245004400089260002700133300003000160365000900190240624s9999 xx 000 0 und d aeng a658.407124 FRI aFRISCH MICHAEL H aBECOMING AN EXCEPTIONAL EXECUTIVE COACH c2012aNew YorkbAMACOM avi, : 282 : p. : cm. ; 23 cb25